[Event "DPMM 2122 SC Rotation Pankow - Hamburge"]
[Site "?"]
[Date "2022.03.26"]
[Round "10.1"]
[White "Sebastian, Dirk"]
[Black "Boetzer, Detlef"]
[Result "1/2-1/2"]
[WhiteElo "2445"]
[BlackElo "2199"]
[PlyCount "61"]
[EventDate "2022.??.??"]

1. e4 e6 2. d4 d5 3. e5 c5 4. c3 Nc6 5. Nf3 Nge7 6. Na3 cxd4 7. cxd4 Nf5 8. Nc2
Qb6 9. Bd3 Bd7 10. O-O Rc8 11. Rb1 a5 12. a3 a4 13. Kh1 Na5 14. Bd2 Bb5 15. Bc3
Bxd3 16. Qxd3 Nb3 17. Nb4 Bxb4 18. axb4 h5 19. Rfd1 Qc6 20. b5 Qc4 21. h3 Qxd3
22. Rxd3 Rc4 23. Rbd1 Ke7 24. Ne1 f6 25. exf6+ gxf6 26. Nc2 Kf7 27. Na3 Rcc8
28. Bb4 Nc1 29. R3d2 Nb3 30. Rd3 Nc1 31. R3d2 1/2-1/2

[Event "DPMM 2122 SC Rotation Pankow - Hamburge"]
[Site "?"]
[Date "2022.03.26"]
[Round "10.2"]
[White "Dauth, Benjamin"]
[Black "Woelk, Tom-Frederic"]
[Result "0-1"]
[WhiteElo "2285"]
[BlackElo "2348"]
[PlyCount "98"]
[EventDate "2022.??.??"]

1. e4 c5 2. c3 Nf6 3. e5 Nd5 4. d4 cxd4 5. cxd4 e6 6. Nc3 Nxc3 7. bxc3 Qc7 8.
Bd2 d6 9. f4 Be7 10. Nf3 O-O 11. Bd3 b6 12. O-O Ba6 13. Bxa6 Nxa6 14. Qe1 Qc4
15. Qg3 Qd3 16. Rae1 dxe5 17. fxe5 Nc7 18. Re3 Qg6 19. Qe1 Nd5 20. Re4 Rac8 21.
h3 h5 22. Kh2 Rc7 23. g4 Nxc3 24. Bxc3 Rxc3 25. Qxc3 Qxe4 26. gxh5 Qe2+ 27. Kg1
Qxa2 28. Rf2 Qb1+ 29. Kh2 Qf5 30. Qc7 Bh4 31. Rf1 Qf4+ 32. Kh1 Qg3 33. Ng1 Bg5
34. Rf3 Qe1 35. Qc3 Qxc3 36. Rxc3 Rb8 37. Nf3 Bd8 38. Kg2 b5 39. Rd3 a5 40. Kf2
b4 41. Nd2 a4 42. Ke2 Bg5 43. d5 b3 44. Nb1 exd5 45. Rxd5 Be7 46. Rd7 a3 47.
Ra7 a2 48. Nc3 Bc5 49. Ra4 Bd4 0-1

[Event "DPMM 2122 SC Rotation Pankow - Hamburge"]
[Site "?"]
[Date "2022.03.26"]
[Round "10.3"]
[White "Daum, Norman"]
[Black "Colpe, Malte"]
[Result "0-1"]
[WhiteElo "2142"]
[BlackElo "2358"]
[PlyCount "58"]
[EventDate "2022.??.??"]

1. e4 c5 2. Nc3 d6 3. f4 g6 4. Nf3 Bg7 5. Bb5+ Bd7 6. O-O Bxb5 7. Nxb5 Nc6 8.
Kh1 a6 9. Nc3 e6 10. d3 Nge7 11. Qe1 O-O 12. Qh4 Nd4 13. Nxd4 cxd4 14. Ne2 f5
15. c4 fxe4 16. dxe4 Qc7 17. Ng3 d3 18. Rb1 Rac8 19. b3 d5 20. cxd5 exd5 21. e5
Qc2 22. Rb2 Qc3 23. Qg4 Nc6 24. Qd1 Bh6 25. Rf3 Nxe5 26. Ne2 dxe2 27. Rxe2 Nxf3
28. Qxd5+ Kh8 29. Bb2 Qxb2 0-1

[Event "DPMM 2122 SC Rotation Pankow - Hamburge"]
[Site "?"]
[Date "2022.03.26"]
[Round "10.4"]
[White "Kotyk, Michael"]
[Black "Lisek, Juergen"]
[Result "1-0"]
[WhiteElo "2201"]
[BlackElo "2205"]
[PlyCount "35"]
[EventDate "2022.??.??"]

1. d4 e6 2. e4 d5 3. exd5 exd5 4. Nf3 Bd6 5. c4 Qe7+ 6. Be2 dxc4 7. O-O Nf6 8.
Bxc4 O-O 9. Re1 Qd8 10. Bg5 Nbd7 11. Nc3 Nb6 12. Bb3 Bf5 13. Ne5 Qc8 14. Rc1 c6
15. Qf3 Ng4 16. Nb5 Bb8 17. Nxf7 Rxf7 18. Re7 1-0

[Event "DPMM 2122 SC Empor Potsdam - USV Halle"]
[Site "?"]
[Date "2022.03.26"]
[Round "10.1"]
[White "Hartge, Gedeon"]
[Black "Penzold, Andreas"]
[Result "1/2-1/2"]
[WhiteElo "2246"]
[BlackElo "2391"]
[PlyCount "92"]
[EventDate "2022.??.??"]

1. d4 Nf6 2. c4 g6 3. f3 c5 4. d5 Bg7 5. e4 d6 6. Nc3 e6 7. Nge2 exd5 8. cxd5
a6 9. a4 O-O 10. Ng3 h5 11. Be2 h4 12. Nf1 Nh7 13. Ne3 Nd7 14. O-O f5 15. exf5
gxf5 16. f4 Bd4 17. Kh1 Ndf6 18. Bd3 Ne8 19. Ne2 Bxe3 20. Bxe3 Rf6 21. Rf3 Rh6
22. Bf2 Nhf6 23. Qc2 Ng7 24. Nc3 b6 25. Re1 Ra7 26. h3 Re7 27. Rxe7 Qxe7 28.
Re3 Qb7 29. Qe2 Kf8 30. Bc4 Qa8 31. Qe1 Bb7 32. Bxh4 Nxd5 33. Nxd5 Bxd5 34.
Bxd5 Qxd5 35. Bg5 Re6 36. Rxe6 Qxe6 37. Qh4 Kf7 38. Qh8 d5 39. Bh6 Qf6 40. Bxg7
Qxg7 41. Qxg7+ Kxg7 42. Kg1 c4 43. Kf2 d4 44. Ke2 b5 45. axb5 axb5 46. Kd2 Kf6
1/2-1/2

[Event "DPMM 2122 SC Empor Potsdam - USV Halle"]
[Site "?"]
[Date "2022.03.26"]
[Round "10.2"]
[White "Tschernatsch, Johannes"]
[Black "Schulte, Felix"]
[Result "1-0"]
[WhiteElo "2326"]
[BlackElo "2182"]
[PlyCount "29"]
[EventDate "2022.??.??"]

1. e4 c6 2. d4 d5 3. e5 g6 4. Nf3 Bg7 5. Be2 f6 6. O-O Nh6 7. c4 O-O 8. cxd5
cxd5 9. Nc3 Be6 10. Re1 Re8 11. Qb3 Qd7 12. Bb5 Nc6 13. Na4 Bg4 14. Nc5 Qf5 15.
Nxb7 1-0

[Event "DPMM 2122 SC Empor Potsdam - USV Halle"]
[Site "?"]
[Date "2022.03.26"]
[Round "10.3"]
[White "Milare, Tyron"]
[Black "Hentzgen, Thomas"]
[Result "1-0"]
[WhiteElo "2271"]
[BlackElo "2027"]
[PlyCount "161"]
[EventDate "2022.??.??"]

1. d4 e6 2. Nf3 f5 3. c4 Nf6 4. Nc3 Bb4 5. g3 b6 6. Bg2 Bb7 7. O-O O-O 8. Qb3
Bxc3 9. bxc3 Nc6 10. Ne5 Na5 11. Qb4 Bxg2 12. Kxg2 d6 13. Nd3 Qd7 14. f3 Qc6
15. Nb2 e5 16. Bg5 e4 17. Bxf6 Rxf6 18. Qb5 Re8 19. Rfe1 Re7 20. Qd5+ Qxd5 21.
cxd5 Rf8 22. f4 Kf7 23. Rec1 Rd8 24. Kf2 Ke8 25. Rc2 Kd7 26. c4 Ke8 27. Nd1 Rf7
28. Ne3 Nb7 29. Rg1 Kd7 30. g4 fxg4 31. Rxg4 Re8 32. Ng2 g6 33. Ke3 Rf5 34. Rc1
Na5 35. Kd2 c6 36. Ne3 Rh5 37. dxc6+ Kxc6 38. h4 Rf8 39. Rb1 Nb7 40. Kc3 Ra5
41. Nd5 Ra3+ 42. Rb3 Ra4 43. f5 Na5 44. Nb4+ Kd7 45. fxg6 hxg6 46. Rxe4 Nxb3
47. Kxb3 Ra5 48. Nd5 Rf1 49. Re7+ Kd8 50. Re6 Rd1 51. Rxd6+ Ke8 52. Nc3 Rh1 53.
Rxg6 Rxh4 54. e4 Kf7 55. Rc6 Rh3 56. e5 Re3 57. Rc7+ Ke6 58. Kb4 Rd3 59. Rc6+
Ke7 60. Rd6 Rd2 61. Kb3 Rh2 62. Rd5 Rxd5 63. Nxd5+ Kd7 64. Nf6+ Ke6 65. d5+ Ke7
66. Ng4 Rg2 67. Nh6 Rg5 68. e6 Rh5 69. Ng8+ Kd6 70. Nf6 Rh1 71. Ne8+ Ke7 72.
Nc7 Rb1+ 73. Kc2 Rb4 74. Kc3 Rb1 75. Nb5 a5 76. Nd4 Rh1 77. Nf5+ Kd8 78. d6 Re1
79. e7+ Kd7 80. Ng7 Kxd6 81. e8=Q 1-0

[Event "DPMM 2122 SC Empor Potsdam - USV Halle"]
[Site "?"]
[Date "2022.03.26"]
[Round "10.4"]
[White "Hoepfl, Thomas"]
[Black "Tiarks, Jann-Christian"]
[Result "0-1"]
[WhiteElo "2266"]
[BlackElo "2180"]
[PlyCount "82"]
[EventDate "2022.??.??"]

1. e4 c5 2. Nf3 d6 3. d4 cxd4 4. Nxd4 Nf6 5. Nc3 a6 6. Bg5 e6 7. f4 h6 8. Bh4
Qb6 9. Qd2 Qxb2 10. Rb1 Qa3 11. Be2 Be7 12. O-O Nbd7 13. f5 e5 14. Nb3 O-O 15.
Rbd1 b5 16. Nb1 Qb2 17. c4 Qxd2 18. N1xd2 b4 19. Na5 Bd8 20. Nc6 Bb6+ 21. Kh1
a5 22. Ne7+ Kh8 23. c5 Bxc5 24. Nb3 Ba6 25. Rfe1 Bxe2 26. Rxe2 Rfe8 27. Nxc5
Rxe7 28. Nb7 Nc5 29. Nxd6 Rd7 30. Red2 a4 31. Bxf6 gxf6 32. Rd5 Nb7 33. Nc4
Rxd5 34. exd5 Rc8 35. Nb6 Rc2 36. Nxa4 Rxa2 37. Nb6 Nd6 38. h3 b3 39. Rb1 b2
40. Kh2 Kg7 41. Kg3 Ne4+ 0-1

[Event "DPMM 2122 Hildesheimer SV - SV 1961 Lie"]
[Site "?"]
[Date "2022.03.26"]
[Round "10.1"]
[White "Franke, Luca"]
[Black "Ermel, Dirk"]
[Result "1-0"]
[WhiteElo "1954"]
[BlackElo "2144"]
[PlyCount "115"]
[EventDate "2022.??.??"]

1. d4 d5 2. c4 e6 3. g3 Nf6 4. Nf3 Be7 5. Bg2 O-O 6. O-O c6 7. Nbd2 Nbd7 8. Qc2
b6 9. e4 dxe4 10. Nxe4 Nxe4 11. Qxe4 Bb7 12. Re1 Nf6 13. Qe3 c5 14. d5 Bd6 15.
dxe6 Qc7 16. exf7+ Rxf7 17. Ng5 Re8 18. Qd2 Rxe1+ 19. Qxe1 Re7 20. Qd1 h6 21.
Bxb7 Qxb7 22. Nf3 Bc7 23. Be3 Ng4 24. Qe2 Qe4 25. Nd2 Qe6 26. Re1 Qf5 27. Qf3
Qg6 28. Nf1 Kh7 29. Rd1 Ne5 30. Qe2 Qe4 31. Nd2 Qc2 32. Rb1 Rd7 33. Qd1 Rxd2
34. Bxd2 Qxd2 35. Qxd2 Nf3+ 36. Kg2 Nxd2 37. Rc1 Ne4 38. Re1 Nf6 39. Re7 Bb8
40. f4 h5 41. Rb7 Bd6 42. Rxa7 Ng4 43. b3 h4 44. Rb7 Ne3+ 45. Kh3 Nf5 46. Rxb6
Be7 47. a3 Nd4 48. Kg4 hxg3 49. hxg3 Nc2 50. a4 Nd4 51. Rb7 Bd8 52. b4 cxb4 53.
Rxb4 Ne6 54. Kf5 Nc5 55. a5 g6+ 56. Kg4 Be7 57. Rb5 Kg7 58. Rb6 1-0

[Event "DPMM 2122 Hildesheimer SV - SV 1961 Lie"]
[Site "?"]
[Date "2022.03.26"]
[Round "10.2"]
[White "Frank, Christian"]
[Black "Gerhardt, Frank"]
[Result "1-0"]
[WhiteElo "2032"]
[BlackElo "2206"]
[PlyCount "85"]
[EventDate "2022.??.??"]

1. d4 Nf6 2. c4 g6 3. Nc3 Bg7 4. e4 d6 5. Nf3 O-O 6. Be2 e5 7. O-O Nc6 8. d5
Ne7 9. Ne1 Nd7 10. f3 f5 11. Be3 f4 12. Bf2 g5 13. Rc1 Ng6 14. c5 Nxc5 15. b4
Na6 16. Nd3 h5 17. Nb5 b6 18. Be1 Qd7 19. Nf2 Bf6 20. a4 Bd8 21. Rc4 Qg7 22. h3
Nh4 23. Qc2 Qg6 24. Rc6 Bd7 25. Qa2 Bxc6 26. dxc6+ Kh8 27. Bc4 Be7 28. Na3 Nb8
29. Bd5 a6 30. Bc3 b5 31. Nc2 bxa4 32. Qxa4 Kg7 33. b5 axb5 34. Qxa8 Nd7 35.
Qb7 Nf6 36. Qxc7 Re8 37. Be6 Nxe4 38. Nxe4 Qxe6 39. Rd1 Kg8 40. Rd2 Qc4 41. Qd7
Kf8 42. c7 d5 43. Rxd5 1-0

[Event "DPMM 2122 Hildesheimer SV - SV 1961 Lie"]
[Site "?"]
[Date "2022.03.26"]
[Round "10.3"]
[White "Hoffmann, Bernhard"]
[Black "Hermannsdoerfer, Frank"]
[Result "1-0"]
[WhiteElo "2084"]
[BlackElo "2141"]
[PlyCount "75"]
[EventDate "2022.??.??"]

1. d4 d6 2. Bf4 g6 3. Nf3 Bg7 4. Nc3 a6 5. a4 Nc6 6. h3 e6 7. e4 Nge7 8. Qd2 h6
9. a5 g5 10. Be3 Ng6 11. d5 Nce5 12. Nxe5 Bxe5 13. O-O-O Qf6 14. g3 Bd7 15. Be2
c6 16. dxe6 Bxe6 17. Na4 d5 18. Qb4 Rd8 19. Bc5 Ne7 20. Qxb7 Rd7 21. Qb4 O-O
22. Nb6 Rc7 23. Bd3 Re8 24. Kb1 Ng6 25. Rde1 Rd8 26. exd5 cxd5 27. Be3 d4 28.
Bc1 Bd6 29. Qd2 Ne5 30. Be4 Nc4 31. Nxc4 Rxc4 32. h4 Ra4 33. b3 Bb4 34. hxg5
hxg5 35. Qxg5+ Qxg5 36. Bxg5 Bc3 37. bxa4 Rb8+ 38. Kc1 1-0

[Event "DPMM 2122 SG 1871 Löberitz - SF Fortun"]
[Site "?"]
[Date "2022.03.26"]
[Round "10.1"]
[White "Filipiak, Thomas"]
[Black "Pallas, Sebastian"]
[Result "0-1"]
[WhiteElo "2032"]
[BlackElo "2226"]
[PlyCount "56"]
[EventDate "2022.??.??"]

1. d4 Nf6 2. Nc3 d5 3. e4 dxe4 4. f3 e3 5. Bxe3 g6 6. Bc4 Bg7 7. Qd2 O-O 8.
Nge2 Nbd7 9. h4 e5 10. h5 exd4 11. Bxd4 c5 12. Bxf6 Nxf6 13. Qg5 Nxh5 14. Qxc5
b6 15. Qf2 Re8 16. O-O Bb7 17. Rad1 Qc7 18. Bd5 Bxd5 19. Rxd5 Nf6 20. Rd3 Re5
21. Rfd1 Rae8 22. Nc1 Bh6 23. Qh4 Bg5 24. Qd4 Re1+ 25. Kf2 Qh2 26. N1e2 Bh4+
27. Qxh4 Qxh4+ 28. g3 R1xe2+ 0-1

[Event "DPMM 2122 SG 1871 Löberitz - SF Fortun"]
[Site "?"]
[Date "2022.03.26"]
[Round "10.2"]
[White "Stein, Robert"]
[Black "Kreigenfeld, Sven"]
[Result "1-0"]
[WhiteElo "2360"]
[BlackElo "2032"]
[PlyCount "47"]
[EventDate "2022.??.??"]

1. d4 c5 2. d5 e5 3. e4 d6 4. Bb5+ Nd7 5. a4 Be7 6. Nf3 a6 7. Bd3 h6 8. O-O Bg5
9. Nbd2 b6 10. Nc4 Qe7 11. c3 Bxc1 12. Qxc1 Rb8 13. b4 Ngf6 14. Qe3 O-O 15.
Rfb1 Ne8 16. Ra2 Nc7 17. bxc5 bxc5 18. Rxb8 Nxb8 19. Rb2 Bg4 20. Nfd2 f5 21. f3
Bh5 22. Rb6 Rd8 23. Nxd6 Nd7 24. Nxf5 1-0

[Event "DPMM 2122 SG 1871 Löberitz - SF Fortun"]
[Site "?"]
[Date "2022.03.26"]
[Round "10.3"]
[White "Post, Hugo"]
[Black "Handke, Gunter"]
[Result "1-0"]
[WhiteElo "2133"]
[BlackElo "2147"]
[PlyCount "131"]
[EventDate "2022.??.??"]

1. e4 c6 2. d4 d5 3. e5 Bf5 4. h4 h5 5. Bd3 Bxd3 6. Qxd3 e6 7. Nf3 Nh6 8. c4
Nf5 9. Nc3 Be7 10. Bg5 Bxg5 11. hxg5 g6 12. g4 Ng7 13. O-O-O Na6 14. Kb1 Nc7
15. Ne2 Kd7 16. gxh5 Nxh5 17. b3 Qe7 18. Qd2 a5 19. c5 a4 20. Nc3 axb3 21. axb3
Ra6 22. Ne1 b6 23. Nd3 b5 24. Kb2 Rha8 25. Nb4 R6a7 26. Rdg1 Ne8 27. Qe2 Nc7
28. Qf3 Rg8 29. Nd3 Rga8 30. Nf4 Nxf4 31. Qxf4 Rf8 32. Rh7 b4 33. Na4 Nb5 34.
Qd2 Nc3 35. Nxc3 bxc3+ 36. Qxc3 Rfa8 37. Qf3 Ra2+ 38. Kc3 Rf8 39. Qf4 Ke8 40.
Rb1 Qa7 41. Rb2 Ra1 42. Qd2 Qa5+ 43. Kd3 Qb5+ 44. Ke3 Ke7 45. Qd3 Qb4 46. Kf3
Qe1 47. Re2 Qc1 48. Qxg6 Qc3+ 49. Re3 Qxd4 50. Qd3 Qxc5 51. g6 Ra3 52. Kg2 Qb4
53. Rg3 Qf4 54. Qc2 Qe4+ 55. Qxe4 dxe4 56. g7 Rg8 57. Rh4 e3 58. Rb4 e2 59.
Rb7+ Ke8 60. Rb8+ Ke7 61. Rb7+ Ke8 62. Rb8+ Ke7 63. Rxg8 e1=Q 64. Re8+ Kxe8 65.
g8=Q+ Ke7 66. Rf3 1-0

[Event "DPMM 2122 SK Doppelbauer Turm Kiel - FC"]
[Site "?"]
[Date "2022.03.26"]
[Round "10.1"]
[White "Feuerstack, Aljoscha"]
[Black "Parvanyan, Ashot"]
[Result "1-0"]
[WhiteElo "2478"]
[BlackElo "2462"]
[PlyCount "57"]
[EventDate "2022.??.??"]

1. e4 e6 2. d4 d5 3. Nd2 Be7 4. Ngf3 Nf6 5. e5 Nfd7 6. Bd3 c5 7. c3 Nc6 8. O-O
h5 9. Nb1 g5 10. Be3 g4 11. Ne1 Qb6 12. b3 a5 13. Nc2 a4 14. Nba3 cxd4 15. cxd4
axb3 16. axb3 Qxb3 17. Rb1 Rxa3 18. Rxb3 Rxb3 19. Ne1 Ra3 20. f3 Rg8 21. fxg4
hxg4 22. Nc2 Rb3 23. Bf2 Nb6 24. Be2 Nc4 25. Bxg4 Bd7 26. Bh5 Rg7 27. Ne1 Rb2
28. Qc1 Nxd4 29. Bxd4 1-0

[Event "DPMM 2122 SK Doppelbauer Turm Kiel - FC"]
[Site "?"]
[Date "2022.03.26"]
[Round "10.2"]
[White "Pajeken, Jakob Leon"]
[Black "Krause, Benedict"]
[Result "1/2-1/2"]
[WhiteElo "2382"]
[BlackElo "2426"]
[PlyCount "50"]
[EventDate "2022.??.??"]

1. Nf3 Nf6 2. g3 g6 3. Bg2 Bg7 4. c4 c6 5. O-O O-O 6. d3 d5 7. Qb3 Qb6 8. Be3
Qxb3 9. axb3 a6 10. Nc3 Nbd7 11. Bd4 e6 12. b4 Re8 13. cxd5 Nxd5 14. Nxd5 exd5
15. Bxg7 Kxg7 16. Nd4 Rb8 17. Rfc1 Nf8 18. e3 Be6 19. Kf1 Rbd8 20. Ke2 Bc8 21.
Kd2 Ne6 22. Nb3 Nc7 23. Nd4 Ne6 24. Nb3 Nc7 25. Nd4 Ne6 1/2-1/2

[Event "DPMM 2122 SK Doppelbauer Turm Kiel - FC"]
[Site "?"]
[Date "2022.03.26"]
[Round "10.3"]
[White "Arndt, Magnus"]
[Black "Ertan, Can"]
[Result "0-1"]
[WhiteElo "2345"]
[BlackElo "2382"]
[PlyCount "80"]
[EventDate "2022.??.??"]

1. d4 Nf6 2. c4 e6 3. g3 d5 4. Bg2 dxc4 5. Nf3 Bb4+ 6. Nbd2 c3 7. bxc3 Bxc3 8.
Rb1 O-O 9. O-O Nc6 10. Qc2 Bxd4 11. Ba3 Re8 12. Nc4 e5 13. Rfd1 Nd5 14. e3 Nc3
15. exd4 exd4 16. Bb2 Nxb1 17. Qxb1 Bg4 18. h3 Bh5 19. g4 Bg6 20. Qc1 Re4 21.
Ncd2 Re2 22. Bf1 Re6 23. Nb3 Rd6 24. Ba3 Rf6 25. Nbxd4 Qd5 26. Bg2 Rd8 27. Bb2
Be4 28. Re1 Nxd4 29. Bxd4 Rxf3 30. Bxf3 Bxf3 31. Qe3 h6 32. Ba1 f6 33. Kh2 Qd6+
34. Kg1 Bc6 35. Qb3+ Kh8 36. Qf7 Qd2 37. Rf1 Qf4 38. Qb3 Qe4 39. f3 Qe2 40. Rf2
Qe1+ 0-1

[Event "DPMM 2122 SK Doppelbauer Turm Kiel - FC"]
[Site "?"]
[Date "2022.03.26"]
[Round "10.4"]
[White "Voigt, Martin"]
[Black "Beeck, Mats"]
[Result "1-0"]
[WhiteElo "2311"]
[BlackElo "2166"]
[PlyCount "67"]
[EventDate "2022.??.??"]

1. e4 e5 2. Nf3 Nc6 3. Nc3 Nf6 4. d4 exd4 5. Nxd4 Bb4 6. Nxc6 bxc6 7. Bd3 d5 8.
exd5 O-O 9. O-O cxd5 10. Bg5 c6 11. Qf3 Rb8 12. Ne2 Re8 13. Nd4 Rb6 14. Nf5 c5
15. c3 Ba5 16. Rae1 d4 17. Rxe8+ Qxe8 18. cxd4 cxd4 19. a3 Bb7 20. Qg3 Ne4 21.
Bxe4 Bxe4 22. Bf6 g6 23. Ne7+ Kf8 24. Qe5 Re6 25. Qc5 Rxf6 26. Nd5+ Kg7 27.
Nxf6 Kxf6 28. Qxa5 Qe5 29. Qxe5+ Kxe5 30. Re1 Kd5 31. f3 Bc2 32. Kf2 d3 33. Ke3
Kc4 34. Kd2 1-0

[Event "DPMM 2122 MTV Tostedt - SF Essen-Katern"]
[Site "?"]
[Date "2022.03.26"]
[Round "10.1"]
[White "Rosen, Bernd"]
[Black "Haerig, Wilfried"]
[Result "1-0"]
[WhiteElo "2310"]
[BlackElo "2203"]
[PlyCount "115"]
[EventDate "2022.??.??"]

1. c4 Nf6 2. g3 c5 3. Bg2 g6 4. Nc3 Bg7 5. e4 Nc6 6. Nge2 O-O 7. d3 d6 8. O-O
Ne8 9. Be3 Nc7 10. d4 cxd4 11. Nxd4 Ne6 12. Nde2 Qa5 13. Rc1 Rd8 14. b3 Bd7 15.
Qd2 Ne5 16. Nd5 Qxd2 17. Bxd2 Kf8 18. Bc3 b5 19. f4 Nd3 20. Rcd1 Bxc3 21. Nexc3
bxc4 22. Ne3 Nec5 23. Nxc4 Bc6 24. Na5 Rac8 25. a3 Ba8 26. Nd5 Nb2 27. Rd2 Ncd3
28. Rb1 e6 29. Nb4 Rc3 30. Rdxb2 Nxb2 31. Rxb2 d5 32. exd5 exd5 33. Rd2 Ke7 34.
Nc2 Rc5 35. b4 Rc3 36. Nd4 Kf6 37. Nb5 Rc1+ 38. Kf2 a6 39. Nd4 Rdc8 40. Ndb3
R1c2 41. Ke2 g5 42. fxg5+ Kxg5 43. Kd1 Rxd2+ 44. Kxd2 f5 45. Nd4 Kg4 46. Bf1
Rf8 47. Ne6 Rf6 48. Nc7 Rf8 49. Nxa6 f4 50. gxf4 Rxf4 51. Be2+ Kh3 52. Nc7 Rf8
53. b5 d4 54. Nxa8 Rxa8 55. b6 d3 56. b7 Rxa5 57. b8=Q dxe2 58. Qg3# 1-0

[Event "DPMM 2122 MTV Tostedt - SF Essen-Katern"]
[Site "?"]
[Date "2022.03.26"]
[Round "10.3"]
[White "Wokittel, Ulf"]
[Black "Dette, Jan"]
[Result "1/2-1/2"]
[WhiteElo "2076"]
[BlackElo "2067"]
[PlyCount "62"]
[EventDate "2022.??.??"]

1. d4 Nf6 2. c4 e6 3. g3 c5 4. Nf3 cxd4 5. Nxd4 a6 6. Bg2 Be7 7. O-O O-O 8. Nc3
d6 9. e4 Qc7 10. Qd3 Nbd7 11. b3 b6 12. Bb2 Bb7 13. Rad1 Rfe8 14. h3 Bf8 15.
Kh2 Rad8 16. Qb1 Qb8 17. Nc2 Nc5 18. Ne3 Qa8 19. f3 d5 20. cxd5 exd5 21. Ncxd5
Nxd5 22. Nxd5 Bxd5 23. exd5 Rxd5 24. Rxd5 Qxd5 25. Rd1 Qe6 26. Qc2 a5 27. Bc3
Na6 28. Re1 Qc8 29. Rxe8 Qxe8 30. Bd4 Nb4 31. Qd2 Qd8 1/2-1/2

[Event "DPMM 2122 MTV Tostedt - SF Essen-Katern"]
[Site "?"]
[Date "2022.03.26"]
[Round "10.4"]
[White "Schimnatkowski, Lukas"]
[Black "Thomas, Vincent"]
[Result "1-0"]
[WhiteElo "2216"]
[BlackElo "1590"]
[PlyCount "51"]
[EventDate "2022.??.??"]

1. e4 e6 2. d4 d5 3. Nd2 Nf6 4. e5 Nfd7 5. Bd3 c5 6. c3 Nc6 7. Ne2 cxd4 8. cxd4
f6 9. exf6 Qxf6 10. Nf3 Nb4 11. Bb1 Bd6 12. Bg5 Qf7 13. O-O O-O 14. Bh4 Nf6 15.
Bg3 Qe7 16. Re1 Bd7 17. Bxd6 Qxd6 18. Ne5 Bb5 19. Nc3 Be8 20. Qd2 a6 21. Re3
Nc6 22. Bc2 Bf7 23. Rae1 Rfe8 24. Rg3 Qf8 25. Rh3 Ne7 26. Bxh7+ 1-0

[Event "DPMM 2122 Nickelhütte Aue - SV Vimaria"]
[Site "?"]
[Date "2022.03.26"]
[Round "10.1"]
[White "Bock, Marlon"]
[Black "Wichmann, Cliff"]
[Result "0-1"]
[WhiteElo "1818"]
[BlackElo "2299"]
[PlyCount "60"]
[EventDate "2022.??.??"]

1. d4 d5 2. Nf3 Nf6 3. e3 c5 4. b3 cxd4 5. exd4 Nc6 6. Bb2 Bg4 7. Be2 e6 8. O-O
Qb6 9. Nbd2 Bd6 10. Rc1 O-O 11. h3 Bh5 12. c4 Bf4 13. c5 Qc7 14. Ra1 Rfd8 15.
Ne1 Bg6 16. Nd3 Bh6 17. Nf3 b6 18. Bc1 Bxc1 19. Rxc1 bxc5 20. Rxc5 Ne4 21. Rc1
Qb6 22. Nde5 Rac8 23. Nxc6 Rxc6 24. Ne5 Rcc8 25. h4 Nc3 26. Qd2 Qxd4 27. Qb2
Qxe5 28. Ba6 Rc6 29. Bb5 Rc7 30. Rfe1 Qf6 0-1

[Event "DPMM 2122 Nickelhütte Aue - SV Vimaria"]
[Site "?"]
[Date "2022.03.26"]
[Round "10.2"]
[White "Langrock, Hannes"]
[Black "Philipp, Mathias"]
[Result "0-1"]
[WhiteElo "2355"]
[BlackElo "2075"]
[PlyCount "76"]
[EventDate "2022.??.??"]

1. d4 d5 2. Nf3 Nf6 3. g3 Bf5 4. Bg2 e6 5. c4 c6 6. Nc3 h6 7. Qb3 Qc8 8. Bf4
Nbd7 9. Rc1 Nb6 10. cxd5 Nfxd5 11. Bd2 Nxc3 12. bxc3 Be4 13. c4 c5 14. O-O cxd4
15. c5 Nd7 16. c6 bxc6 17. Nxd4 Bxg2 18. Kxg2 c5 19. f4 Be7 20. Qf3 Rb8 21. Nc6
Rb6 22. Nxe7 Kxe7 23. Bc3 f6 24. Rfd1 Qc6 25. e4 Rhb8 26. Rd2 Rb1 27. Rxb1 Rxb1
28. Qd3 Rb6 29. Kh3 Qb5 30. Qf3 Rd6 31. Rxd6 Kxd6 32. Kh4 Ke7 33. Kh5 Kf7 34.
Qd1 Nf8 35. Kg4 Qc4 36. Qc2 Qf1 37. f5 h5+ 38. Kh4 Qf3 0-1

[Event "DPMM 2122 Nickelhütte Aue - SV Vimaria"]
[Site "?"]
[Date "2022.03.26"]
[Round "10.3"]
[White "Spiess, Gunter"]
[Black "Guenther, Andreas"]
[Result "1-0"]
[WhiteElo "2388"]
[BlackElo "2091"]
[PlyCount "111"]
[EventDate "2022.??.??"]

1. d4 f5 2. g3 Nf6 3. Bg2 g6 4. Nh3 Bg7 5. O-O O-O 6. Nc3 Nc6 7. d5 Ne5 8. e4
fxe4 9. Nxe4 Nxe4 10. Bxe4 d6 11. Ng5 Qe8 12. c3 Bd7 13. a4 Rb8 14. Ra2 c5 15.
b3 c4 16. bxc4 Qc8 17. Ne6 Bxe6 18. dxe6 Qxc4 19. Bd5 Qd3 20. Be3 b6 21. a5
Rfc8 22. axb6 axb6 23. Ra7 Bf6 24. Bd4 Qxd1 25. Rxd1 Nc6 26. Bxc6 Rxc6 27. Bxf6
exf6 28. Rd7 Re8 29. Ra1 d5 30. Raa7 Rcxe6 31. Rg7+ Kh8 32. Rxh7+ Kg8 33. Rhg7+
Kh8 34. Rxg6 Rc8 35. Rh6+ Kg8 36. Rh5 Rd6 37. Ra3 Kf7 38. Rh4 Rdc6 39. Rb4 Rxc3
40. Rxc3 Rxc3 41. Rxb6 Ke7 42. Kf1 Rc2 43. Ke1 Ra2 44. h4 Rc2 45. Rb3 Kd6 46.
Rb4 Ke5 47. Rf4 f5 48. h5 Kf6 49. Rh4 Kg7 50. h6+ Kh7 51. Rh5 f4 52. g4 f3 53.
Rh3 Re2+ 54. Kf1 Re4 55. g5 Rg4 56. Rxf3 1-0

[Event "DPMM 2122 Nickelhütte Aue - SV Vimaria"]
[Site "?"]
[Date "2022.03.26"]
[Round "10.4"]
[White "Homberger, Jan"]
[Black "Poessel, Christian"]
[Result "0-1"]
[WhiteElo "1846"]
[BlackElo "1998"]
[PlyCount "52"]
[EventDate "2022.??.??"]

1. e4 c5 2. Nc3 e6 3. f4 Nc6 4. Nf3 Nge7 5. Bb5 a6 6. Bxc6 Nxc6 7. O-O Be7 8.
d3 b5 9. e5 d6 10. Qe1 d5 11. Qg3 g6 12. f5 exf5 13. Bh6 Be6 14. Ne2 Nb4 15. d4
Nxc2 16. Rac1 Nb4 17. dxc5 Nd3 18. Rc2 Nxc5 19. Ng5 Ne4 20. Nxe4 dxe4 21. Kh1
Qd3 22. Rfc1 Qxg3 23. hxg3 g5 24. Nd4 Rg8 25. Rc7 Rg6 26. Nxe6 Rxh6+ 0-1

[Event "DPMM 2122 Dt. Blinden- u Sehbehinderten"]
[Site "?"]
[Date "2022.03.26"]
[Round "10.1"]
[White "Kroeze, Frank"]
[Black "Eichstaedt, Mirko"]
[Result "1-0"]
[WhiteElo "2387"]
[BlackElo "2239"]
[PlyCount "109"]
[EventDate "2022.??.??"]

1. e4 e5 2. Nf3 Nc6 3. Bb5 a6 4. Bxc6 dxc6 5. O-O f6 6. d4 exd4 7. Nxd4 c5 8.
Ne2 Qxd1 9. Rxd1 Bd7 10. Nbc3 O-O-O 11. Be3 Bd6 12. Bf4 Bc6 13. Bxd6 cxd6 14.
Nf4 Nh6 15. Ne6 Rd7 16. Nd5 Bxd5 17. exd5 Nf5 18. c3 Kb8 19. Rd3 g6 20. Rf3 h5
21. Re1 Re8 22. Re4 Rf7 23. Nxc5 Rxe4 24. Nxe4 Re7 25. Rf4 Re5 26. g4 Nh4 27.
f3 hxg4 28. Nxf6 Re2 29. fxg4 g5 30. Rf2 Re1+ 31. Rf1 Re2 32. h3 Rg2+ 33. Kh1
Rg3 34. Ne4 Rxh3+ 35. Kg1 Re3 36. Rf8+ Kc7 37. Rf7+ Kb6 38. Nxd6 Kc5 39. Kf2
Rh3 40. Ne4+ Kxd5 41. Nxg5 Rh2+ 42. Kg3 Rh1 43. Rh7 Rb1 44. Rxh4 Rxb2 45. Rh2
Rb1 46. Rd2+ Ke5 47. Nf3+ Ke6 48. Kf4 Rc1 49. Rc2 Rf1 50. g5 b5 51. c4 Kd6 52.
g6 Ke7 53. c5 Rh1 54. g7 Kf7 55. c6 1-0

[Event "DPMM 2122 Dt. Blinden- u Sehbehinderten"]
[Site "?"]
[Date "2022.03.26"]
[Round "10.2"]
[White "Mueller, Dominik"]
[Black "Schulz, Jens"]
[Result "1-0"]
[WhiteElo "2211"]
[BlackElo "2170"]
[PlyCount "35"]
[EventDate "2022.??.??"]

1. e4 c5 2. Nc3 d6 3. f4 e6 4. Nf3 Nf6 5. Bb5+ Bd7 6. Bxd7+ Qxd7 7. e5 Nd5 8.
Nxd5 exd5 9. O-O Be7 10. d4 Nc6 11. f5 Qxf5 12. exd6 Bxd6 13. Ne5 Qc8 14. Nxf7
Bxh2+ 15. Kxh2 O-O 16. Ne5 Qc7 17. Bf4 Rf6 18. g3 1-0

[Event "DPMM 2122 Dt. Blinden- u Sehbehinderten"]
[Site "?"]
[Date "2022.03.26"]
[Round "10.3"]
[White "Schellmann, Frank"]
[Black "Stotyn, Fabian"]
[Result "1/2-1/2"]
[WhiteElo "2051"]
[BlackElo "2186"]
[PlyCount "75"]
[EventDate "2022.??.??"]

1. e4 e6 2. d4 d5 3. e5 c5 4. c3 Nc6 5. Nf3 Nge7 6. Na3 cxd4 7. cxd4 Nf5 8. Nc2
Be7 9. Bd3 Bd7 10. O-O g5 11. b4 g4 12. Nfe1 Nxb4 13. Nxb4 Bxb4 14. Rb1 Ba5 15.
Qxg4 h5 16. Qf4 Rg8 17. Bxf5 exf5 18. Nc2 Be6 19. Ne3 Qd7 20. Ba3 Rc8 21. Rfc1
Rxc1+ 22. Rxc1 Bd8 23. Qh6 Qa4 24. Qh7 Qxa3 25. Qxg8+ Kd7 26. Rc2 Qb4 27. Rc1
f4 28. Nf5 Qb2 29. Rf1 f3 30. Qf8 fxg2 31. Kxg2 Qc2 32. Qd6+ Kc8 33. Ne3 Qg6+
34. Kh1 Qe4+ 35. Kg1 Qg6+ 36. Kh1 Qe4+ 37. Kg1 Qg6+ 38. Kh1 1/2-1/2